| 000 | 00803nam a2200205 a 4500 | ||
|---|---|---|---|
| 001 | BRCA_4210 | ||
| 005 | 20190320204603.0 | ||
| 008 | 020610s1984----u--a######---#000-0#eng-# | ||
| 041 | _aeng | ||
| 044 | _au | ||
| 050 | 4 |
_aGN656.L3 _b.C66 1984 |
|
| 245 | 1 | 0 |
_aConstance Stuart Larrabee _bTribal Photographs. |
| 260 |
_aWashington, D.C. _bThe Corcoran Gallery of Art _c1984 |
||
| 300 |
_a1 v. (sin paginación) _bil. _c25 cm. |
||
| 500 | _aCatálogo de la exposición realizada en The Corcoran Gallery of Art (Washington, D.C.), 7 abril - 3 junio, 1984 | ||
| 600 | 1 | 4 |
_aLarrabee, Constance Stuart _d1914-2000 _910858 |
| 650 | 1 | 4 |
_aEtnología _vExposiciones _xTrabajos Ilustrados _zSudáfrica _910859 |
| 651 | 4 |
_aSudáfrica _vExposiciones _xVida social y costumbres _xTrabajos Ilustrados _910860 |
|
| 942 |
_2lcc _cB |
||
| 999 |
_c3922 _d3922 |
||